[Event "Bad Wiessee Senioren Cup 8th"]
[Site "Bad Wiessee"]
[Date "2019.05.13"]
[Round "3"]
[White "Bade, Heidrun"]
[Black "Gulinelli, Euro"]
[Result "1-0"]
[WhiteElo "1808"]
[BlackElo "1624"]
[PlyCount "77"]
[EventDate "2019.05.11"]
[EventType "swiss"]
[EventRounds "9"]
[EventCountry "GER"]
[SourceTitle "EXT 2020"]
[Source "ChessBase"]
[SourceDate "2019.10.17"]
[SourceVersion "1"]
[SourceVersionDate "2019.10.17"]
[SourceQuality "1"]

1. e4 c5 2. Nf3 d6 3. d4 cxd4 4. Nxd4 a6 5. c4 Nf6 6. Nc3 g6 7. Be2 Bg7 8. Be3 0-0 9. 0-0 Nc6 10. h3 Qc7 11. Rc1 e6 12. Qb3 Nd7 13. Nf3 Nc5 14. Qa3 b6 15. Rfd1 Bb7 16. b4 Nd7 17. Qb3 Rfd8 18. Bg5 Nf6 19. Bf4 e5 20. Bg5 Ne7 21. Nd5 Bxd5 22. cxd5 Qb7 23. Qe3 Rac8 24. Nd2 Rxc1 25. Rxc1 Rc8 26. Nc4 Qc7 27. Qxb6 Qxb6 28. Nxb6 Rxc1+ 29. Bxc1 Nxe4 30. Bxa6 Nc3 31. Bc4 e4 32. Bd2 Nb1 33. Be3 Na3 34. Ba6 Bc3 35. b5 Ba5 36. Bg5 Nf5 37. Nd7 h6 38. Bc1 Nc4 39. Nf6+ 1-0

[Event "Schleswig Holstein-ch Seniors op 11th"]
[Site "Buesum"]
[Date "2017.09.08"]
[Round "1"]
[White "Bade, Heidrun"]
[Black "Neumann, Joachim"]
[Result "0-1"]
[WhiteElo "1815"]
[BlackElo "2093"]
[PlyCount "72"]
[EventDate "2017.09.08"]
[EventType "swiss"]
[EventRounds "9"]
[EventCountry "GER"]
[SourceTitle "EXT 2019"]
[Source "ChessBase"]
[SourceDate "2018.10.10"]
[SourceVersion "1"]
[SourceVersionDate "2018.10.10"]
[SourceQuality "1"]

1. e4 c5 2. Nf3 Nc6 3. d4 cxd4 4. Nxd4 Nf6 5. Nc3 e5 6. Nb3 Bb4 7. Bg5 h6 8. Bxf6 Qxf6 9. Qd3 0-0 10. Be2 d5 11. 0-0 Bxc3 12. bxc3 dxe4 13. Qe3 Qf4 14. Bc4 Bf5 15. Rfe1 Rfd8 16. Nc5 Qxe3 17. Rxe3 Na5 18. Bb3 Rac8 19. Nxe4 Bxe4 20. Rxe4 Rxc3 21. Rxe5 Nxb3 22. cxb3 Rd2 23. Ree1 Rcc2 24. Rf1 Rxa2 25. Rxa2 Rxa2 26. Rb1 Kf8 27. g3 f5 28. Kg2 Ke7 29. Kf3 a5 30. h4 Kf6 31. Ke3 b5 32. Rc1 Ra3 33. Rc3 Kf7 34. Rc7+ Kg6 35. Rc6+ Kh7 36. Kd4 Rxb3 0-1

[Event "MVP-ch Seniors op 16th"]
[Site "Binz"]
[Date "2016.11.26"]
[Round "4.42"]
[White "Bade, Heidrun"]
[Black "Pamperin, Gerhard"]
[Result "1-0"]
[WhiteElo "1796"]
[BlackElo "1972"]
[PlyCount "73"]
[EventDate "2016.11.23"]
[EventType "swiss"]
[EventRounds "9"]
[EventCountry "GER"]
[SourceTitle "EXT 2018"]
[Source "ChessBase"]
[SourceDate "2017.10.13"]
[SourceVersion "1"]
[SourceVersionDate "2017.10.13"]
[SourceQuality "1"]

1. e4 e6 2. d4 d5 3. exd5 exd5 4. Bd3 Nf6 5. Nc3 c6 6. Nf3 Bg4 7. h3 Bh5 8. Qe2+ Be7 9. Qe3 0-0 10. 0-0 Nbd7 11. Qf4 Bg6 12. Bxg6 hxg6 13. Qh2 Re8 14. Bf4 Nf8 15. Rfe1 Ne6 16. Be5 Bb4 17. Re3 a5 18. a3 Bf8 19. Rd1 a4 20. g4 Qb6 21. Bd6 Nxg4 22. hxg4 Bxd6 23. Qxd6 Qxb2 24. Ne1 Qb6 25. Nxd5 Qd8 26. Qxd8 Rexd8 27. Nb6 Ra5 28. Nf3 Kf8 29. c4 Ra6 30. c5 Nxc5 31. Rde1 Ne6 32. Nc4 b5 33. Nce5 Nxd4 34. Nxd4 c5 35. Ndc6 Rda8 36. Nd7+ Kg8 37. Ne7+ 1-0

[Event "BL2 Ost 1516 (Women)"]
[Site "Germany"]
[Date "2015.12.06"]
[Round "4.5"]
[White "Bade, Heidrun"]
[Black "Caliebe, Nanke"]
[Result "0-1"]
[WhiteElo "1823"]
[BlackElo "1527"]
[PlyCount "100"]
[EventDate "2015.09.26"]
[EventType "team-tourn"]
[EventRounds "7"]
[EventCountry "GER"]
[SourceTitle "EXT 2017"]
[Source "ChessBase"]
[SourceDate "2016.10.25"]
[SourceVersion "1"]
[SourceVersionDate "2016.10.25"]
[SourceQuality "1"]
[WhiteTeam "Potsdam (W)"]
[BlackTeam "Harksheide (W)"]
[WhiteTeamCountry "GER"]
[BlackTeamCountry "GER"]

1. e4 c5 2. Nf3 e6 3. d4 cxd4 4. Nxd4 a6 5. Bd3 Nc6 6. Be3 Nf6 7. Nd2 d5 8. Nxc6 bxc6 9. e5 Nd7 10. f4 Qh4+ 11. g3 Qd8 12. Nf3 Bc5 13. Bxc5 Nxc5 14. Nd4 Qb6 15. Nb3 Na4 16. Qc1 c5 17. Be2 c4 18. Nd2 Qxb2 19. Qxb2 Nxb2 20. Kf2 Na4 21. Bf3 Rb8 22. Rab1 Rxb1 23. Rxb1 Nc3 24. Rb8 Kd7 25. Rb2 Kc7 26. Ke3 Bd7 27. Nb1 Na4 28. Rb4 a5 29. Rxa4 Bxa4 30. Nc3 Bc6 31. Bd1 Rd8 32. Kd4 Kb6 33. Bg4 Re8 34. Bh5 Re7 35. Be2 f6 36. Bd1 fxe5+ 37. Kxe5 Kc5 38. Ne2 Re8 39. Nd4 Bd7 40. c3 Rb8 41. Bc2 h6 42. Bg6 Rb2 43. Bf7 Rxh2 44. Bxe6 Bxe6 45. Nxe6+ Kc6 46. Nd4+ Kd7 47. Kxd5 Rxa2 48. Kxc4 Ra4+ 49. Kb5 Rxd4 50. cxd4 Kd6 0-1

[Event "MVP-ch Seniors op 14th"]
[Site "Binz"]
[Date "2014.12.03"]
[Round "9"]
[White "Jahns, Reiner"]
[Black "Bade, Heidrun"]
[Result "1-0"]
[WhiteElo "1813"]
[BlackElo "1633"]
[PlyCount "35"]
[EventDate "2014.11.25"]
[EventType "swiss"]
[EventRounds "9"]
[EventCountry "GER"]
[SourceTitle "EXT 2016"]
[Source "ChessBase"]
[SourceDate "2015.10.08"]
[SourceVersion "1"]
[SourceVersionDate "2015.10.08"]
[SourceQuality "1"]

1. d4 d5 2. f4 Nf6 3. Nf3 Nbd7 4. e3 e6 5. Bd3 Be7 6. 0-0 0-0 7. Ne5 c5 8. c3 Qc7 9. Nd2 b6 10. Qf3 Bd6 11. g4 g6 12. h4 Bb7 13. Rf2 Ne4 14. Nxe4 dxe4 15. Bxe4 Bxe4 16. Qxe4 Nf6 17. Qf3 Ne8 18. Qxa8 1-0

[Event "MVP-ch Seniors op 14th"]
[Site "Binz"]
[Date "2014.12.02"]
[Round "8"]
[White "Klas, Friedrich Guenther"]
[Black "Bade, Heidrun"]
[Result "0-1"]
[WhiteElo "1428"]
[BlackElo "1633"]
[PlyCount "90"]
[EventDate "2014.11.25"]
[EventType "swiss"]
[EventRounds "9"]
[EventCountry "GER"]
[SourceTitle "EXT 2016"]
[Source "ChessBase"]
[SourceDate "2015.10.08"]
[SourceVersion "1"]
[SourceVersionDate "2015.10.08"]
[SourceQuality "1"]

1. e4 e5 2. Nc3 Nf6 3. f4 d5 4. fxe5 Nxe4 5. Nf3 Be7 6. Nxe4 dxe4 7. Ng1 Qd4 8. Qe2 Nc6 9. d3 Nxe5 10. Qxe4 Qxe4+ 11. dxe4 Bc5 12. Ne2 Ng4 13. Ng3 Nf2 14. Bf4 c6 15. Bc4 Nxh1 16. Nxh1 0-0 17. 0-0-0 Bg4 18. Rd3 Be2 19. Rc3 Bxc4 20. Rxc4 Be7 21. Ng3 Rfd8 22. Nf5 Kf8 23. Rc3 Rd7 24. Rg3 Rad8 25. c3 g6 26. Bh6+ Kg8 27. h4 Bf6 28. h5 Rd3 29. Rg4 Rd1+ 30. Kc2 Rh1 31. hxg6 fxg6 32. Bf4 Rh5 33. Nd6 Rd7 34. Nc4 Kf7 35. Rg3 Ke6 36. Re3 Bg5 37. g3 Rh2+ 38. Kb3 Be7 39. Rf3 Re2 40. e5 Rd5 41. g4 g5 42. Bg3 b5 43. Ne3 Rdd2 44. Nc4 bxc4+ 45. Kxc4 Rxb2 0-1

[Event "MVP-ch Seniors op 14th"]
[Site "Binz"]
[Date "2014.12.01"]
[Round "7"]
[White "Bade, Heidrun"]
[Black "Garms, Ilse"]
[Result "1/2-1/2"]
[WhiteElo "1633"]
[BlackElo "1449"]
[PlyCount "94"]
[EventDate "2014.11.25"]
[EventType "swiss"]
[EventRounds "9"]
[EventCountry "GER"]
[SourceTitle "EXT 2016"]
[Source "ChessBase"]
[SourceDate "2015.10.08"]
[SourceVersion "1"]
[SourceVersionDate "2015.10.08"]
[SourceQuality "1"]

1. e4 c5 2. Nf3 d6 3. d4 cxd4 4. Nxd4 Nf6 5. Nc3 a6 6. a4 Qa5 7. f3 e6 8. Be3 Be7 9. Qd2 Bd7 10. Be2 Nc6 11. Nb3 Qc7 12. f4 Rc8 13. 0-0 Na5 14. Nxa5 Qxa5 15. Rfd1 Bc6 16. Bf3 Qc7 17. Qf2 0-0 18. f5 exf5 19. exf5 Bxf3 20. Qxf3 Qc6 21. Qe2 Rfe8 22. Bd4 Bf8 23. Qd3 Nd5 24. Nxd5 Qxd5 25. c3 f6 26. Kf2 Qe4 27. Qxe4 Rxe4 28. Kf3 Rce8 29. Rd2 Kf7 30. b4 g6 31. fxg6+ hxg6 32. Bb6 Rc4 33. Rd3 Rec8 34. Bd4 Re8 35. Re3 Rxe3+ 36. Kxe3 Bh6+ 37. Kd3 Rc7 38. Rf1 Bg7 39. c4 g5 40. Rf3 Kg6 41. g4 Re7 42. Re3 Kf7 43. Rxe7+ Kxe7 44. Ke4 Ke6 45. Bf2 Bf8 46. Be1 Be7 47. Bf2 Bd8 1/2-1/2

[Event "MVP-ch Seniors op 14th"]
[Site "Binz"]
[Date "2014.11.29"]
[Round "5"]
[White "Bade, Heidrun"]
[Black "Kuehn, Peter1"]
[Result "0-1"]
[WhiteElo "1633"]
[BlackElo "1821"]
[PlyCount "66"]
[EventDate "2014.11.25"]
[EventType "swiss"]
[EventRounds "9"]
[EventCountry "GER"]
[SourceTitle "EXT 2016"]
[Source "ChessBase"]
[SourceDate "2015.10.08"]
[SourceVersion "1"]
[SourceVersionDate "2015.10.08"]
[SourceQuality "1"]

1. e4 c5 2. Nf3 e6 3. d4 cxd4 4. Nxd4 d6 5. Nc3 Nf6 6. Be2 a6 7. Bf3 Nbd7 8. 0-0 Ne5 9. Be2 Qc7 10. Be3 Be7 11. f3 Bd7 12. Rc1 Rc8 13. Qd2 0-0 14. Bd3 Nc4 15. Bxc4 Qxc4 16. Qe2 b5 17. Rf2 b4 18. Qxc4 Rxc4 19. Nb1 e5 20. Ne2 d5 21. Nd2 Rc6 22. c3 Rfc8 23. Rff1 bxc3 24. Rxc3 Rxc3 25. bxc3 Bb5 26. c4 dxc4 27. Rc1 Ba3 28. Rc2 Ne8 29. Nc3 Nd6 30. Nd5 Kf8 31. Kf2 Ba4 32. Rc3 Bb2 33. Bb6 Bxc3 0-1

[Event "MVP-ch Seniors op 14th"]
[Site "Binz"]
[Date "2014.11.28"]
[Round "4"]
[White "Juergens, Peter1"]
[Black "Bade, Heidrun"]
[Result "1/2-1/2"]
[WhiteElo "1824"]
[BlackElo "1633"]
[PlyCount "45"]
[EventDate "2014.11.25"]
[EventType "swiss"]
[EventRounds "9"]
[EventCountry "GER"]
[SourceTitle "EXT 2016"]
[Source "ChessBase"]
[SourceDate "2015.10.08"]
[SourceVersion "1"]
[SourceVersionDate "2015.10.08"]
[SourceQuality "1"]

1. d4 d5 2. Nf3 Nf6 3. c4 e6 4. g3 Be7 5. Bg2 0-0 6. 0-0 Nbd7 7. Qc2 Re8 8. b3 Rb8 9. Bb2 b6 10. Nc3 Bb7 11. cxd5 exd5 12. Rac1 c5 13. Rfd1 Bf8 14. e3 Qe7 15. Ne5 Rbc8 16. Qb1 cxd4 17. exd4 Qe6 18. Nb5 Bd6 19. Nxd6 Qxd6 20. Bh3 Rxc1 21. Rxc1 Nf8 22. Rc2 N6d7 23. Nxd7 1/2-1/2

[Event "MVP-ch Seniors op 14th"]
[Site "Binz"]
[Date "2014.11.25"]
[Round "1"]
[White "Bade, Heidrun"]
[Black "Jacob, Helmut"]
[Result "1/2-1/2"]
[WhiteElo "1633"]
[BlackElo "2004"]
[PlyCount "134"]
[EventDate "2014.11.25"]
[EventType "swiss"]
[EventRounds "9"]
[EventCountry "GER"]
[SourceTitle "EXT 2016"]
[Source "ChessBase"]
[SourceDate "2015.10.08"]
[SourceVersion "1"]
[SourceVersionDate "2015.10.08"]
[SourceQuality "1"]

1. e4 c5 2. Nf3 g6 3. Bc4 Bg7 4. Nc3 Nc6 5. 0-0 d6 6. h3 Nf6 7. Re1 0-0 8. d3 a6 9. Bg5 b5 10. Bxf6 Bxf6 11. Bd5 Bd7 12. Rb1 e6 13. Bb3 Qb6 14. Qd2 Bg7 15. Qf4 Na5 16. a3 Nxb3 17. cxb3 a5 18. e5 dxe5 19. Nxe5 Be8 20. Rbd1 Rd8 21. Qe3 Qd6 22. f4 Qd4 23. Qxd4 cxd4 24. Ne4 Rd5 25. Nf3 Bd7 26. Rc1 Rc8 27. Rxc8+ Bxc8 28. Rc1 Bd7 29. Kf2 Kf8 30. Nc5 Be8 31. Ng5 h6 32. Nge4 Ke7 33. Nb7 e5 34. Rc7+ Bd7 35. Nxa5 Kd8 36. Rc5 Rxc5 37. Nxc5 exf4 38. Nxd7 Kxd7 39. b4 f5 40. Nb3 Kd6 41. Kf3 g5 42. Nc5 Be5 43. b3 h5 44. a4 g4+ 45. hxg4 fxg4+ 46. Kf2 Kc6 47. Ne6 Kd5 48. Nc5 bxa4 49. bxa4 Bd6 50. Ne4 Bxb4 51. Nf6+ Ke6 52. Nxh5 Kf5 53. g3 fxg3+ 54. Nxg3+ Kf4 55. Ne2+ Kg5 56. Kg2 Bc3 57. Ng3 Kf4 58. Nh5+ Ke3 59. Kg3 Kxd3 60. Kxg4 Ke3 61. Nf4 Ba5 62. Nd5+ Kf2 63. Nf4 Bc7 64. Nd3+ Ke3 65. Nc5 Bb6 66. Nb3 d3 67. a5 Ba7 1/2-1/2

[Event "MVP-ch Seniors op 13th"]
[Site "Binz"]
[Date "2013.12.02"]
[Round "6"]
[White "Kurbangulov, Viktor"]
[Black "Bade, Heidrun"]
[Result "1-0"]
[WhiteElo "1841"]
[BlackElo "1716"]
[PlyCount "76"]
[EventDate "2013.11.27"]
[EventType "swiss"]
[EventRounds "9"]
[EventCountry "GER"]
[SourceTitle "EXT 2015"]
[Source "ChessBase"]
[SourceDate "2014.11.20"]
[SourceVersion "1"]
[SourceVersionDate "2014.11.20"]
[SourceQuality "1"]

1. d4 d5 2. Nf3 Nf6 3. Bf4 e6 4. e3 Be7 5. Nbd2 Nbd7 6. c3 0-0 7. Bd3 Re8 8. h3 c5 9. Rc1 a6 10. 0-0 b5 11. Bb1 Bb7 12. Ne5 Nxe5 13. Bxe5 Nd7 14. Bf4 Nf8 15. Nf3 Rc8 16. Ne5 f6 17. Nd3 c4 18. Ne1 Bd6 19. Bxd6 Qxd6 20. f4 Rc7 21. Qh5 Rf7 22. Nf3 Bc6 23. Rce1 Rd8 24. g4 Be8 25. Qh4 Rc7 26. Kh1 Qe7 27. Rg1 g6 28. Qg3 Qg7 29. f5 g5 30. e4 dxe4 31. Bxe4 Bc6 32. Nd2 e5 33. Nf3 Bxe4 34. Rxe4 exd4 35. Nxd4 Re7 36. Rge1 Rxe4 37. Rxe4 Qb7 38. Qf3 Re8 1-0

[Event "MVP-ch Seniors op 13th"]
[Site "Binz"]
[Date "2013.11.29"]
[Round "3"]
[White "Bade, Heidrun"]
[Black "Graffenberger, Wilhelm"]
[Result "1/2-1/2"]
[WhiteElo "1716"]
[BlackElo "1470"]
[PlyCount "66"]
[EventDate "2013.11.27"]
[EventType "swiss"]
[EventRounds "9"]
[EventCountry "GER"]
[SourceTitle "EXT 2015"]
[Source "ChessBase"]
[SourceDate "2014.11.20"]
[SourceVersion "1"]
[SourceVersionDate "2014.11.20"]
[SourceQuality "1"]

1. e4 c5 2. Nf3 Nc6 3. d4 cxd4 4. Nxd4 g6 5. Nc3 Bg7 6. Be3 d6 7. Bc4 Nf6 8. f3 0-0 9. 0-0 Ne5 10. Bb3 Bd7 11. Rc1 a6 12. Qd2 Rc8 13. Kh1 Nc4 14. Bxc4 Rxc4 15. b3 Rc8 16. Nce2 e5 17. Nf5 gxf5 18. Qxd6 Ne8 19. Qd3 f4 20. Bf2 Rc6 21. c4 Nf6 22. Nc3 Qc7 23. Bh4 Be6 24. Rcd1 b5 25. Nd5 Bxd5 26. cxd5 Rd6 27. Rc1 Qb6 28. Bf2 Qd8 29. Rc2 Nd7 30. Rfc1 Qe7 31. Rc7 Qe8 32. R1c2 Bf6 33. R2c6 Rxc6 1/2-1/2

[Event "MVP-ch Seniors op 13th"]
[Site "Binz"]
[Date "2013.11.27"]
[Round "1"]
[White "Bade, Heidrun"]
[Black "Wiebke, Elfriede"]
[Result "1-0"]
[WhiteElo "1716"]
[BlackElo "1035"]
[PlyCount "37"]
[EventDate "2013.11.27"]
[EventType "swiss"]
[EventRounds "9"]
[EventCountry "GER"]
[SourceTitle "EXT 2015"]
[Source "ChessBase"]
[SourceDate "2014.11.20"]
[SourceVersion "1"]
[SourceVersionDate "2014.11.20"]
[SourceQuality "1"]

1. e4 e5 2. Nf3 d6 3. d4 Bg4 4. Bc4 Nf6 5. dxe5 Bxf3 6. Qxf3 dxe5 7. Be3 Be7 8. Nd2 0-0 9. 0-0 h6 10. Rad1 Qe8 11. Qf5 Nc6 12. c3 a6 13. Nf3 Na5 14. Bd3 Nc6 15. Nh4 g6 16. Qh3 Kg7 17. Bxh6+ Kxh6 18. Nf5+ Kg5 19. Qh4# 1-0

[Event "SH-ch Seniors op"]
[Site "Eckernfoerde"]
[Date "2012.10.04"]
[Round "6.25"]
[White "Bade, Heidrun"]
[Black "Geruschkat, Bruno"]
[Result "1/2-1/2"]
[WhiteElo "1835"]
[BlackElo "1793"]
[PlyCount "116"]
[EventDate "2012.09.29"]
[EventType "swiss"]
[EventRounds "7"]
[EventCountry "GER"]
[SourceTitle "EXT 2022"]
[Source "ChessBase"]
[SourceDate "2021.10.06"]
[SourceVersion "1"]
[SourceVersionDate "2021.10.06"]
[SourceQuality "1"]

1. e4 d5 2. exd5 Qxd5 3. Nc3 Qa5 4. Bc4 Nf6 5. d4 c6 6. Nge2 Bg4 7. 0-0 e6 8. a3 Bd6 9. Qd3 Bf5 10. Qd2 Qc7 11. f4 0-0 12. Ng3 Nbd7 13. Bd3 Bxd3 14. Qxd3 Nb6 15. Nce2 Rad8 16. Ne4 Nxe4 17. Qxe4 Rde8 18. Bd2 f5 19. Qd3 Qf7 20. Bb4 Qe7 21. Qb3 c5 22. dxc5 Bxc5+ 23. Kh1 Qc7 24. Bxc5 Qxc5 25. Rad1 Qc7 26. Nd4 Rf6 27. Nb5 Qb8 28. Rd6 h6 29. Qd3 Nd5 30. c4 Nc7 31. Rd7 Nxb5 32. cxb5 b6 33. Qd4 Rg6 34. h3 Qa8 35. Rf2 Rc8 36. Kh2 Kh7 37. Qd6 Qe4 38. Rc7 Rxc7 39. Qxc7 Qe3 40. Qc2 Qg3+ 41. Kh1 Qh4 42. Qd2 Rg3 43. Re2 Rg6 44. Qe3 Qf6 45. Kh2 Qe7 46. g3 h5 47. Qd3 Qc5 48. Rc2 Qe7 49. b4 Rf6 50. Rc6 Rf7 51. Qf3 g6 52. Qe3 Rf6 53. Qe5 Qg7 54. Kg2 Kh6 55. Kf3 Qf8 56. Rxe6 Rxe6 57. Qxe6 Qg7 58. Qc4 Qb2 1/2-1/2

[Event "SH-ch Seniors op"]
[Site "Eckernfoerde"]
[Date "2012.10.03"]
[Round "5.26"]
[White "Stratmann, Dietrich"]
[Black "Bade, Heidrun"]
[Result "1/2-1/2"]
[WhiteElo "1710"]
[BlackElo "1835"]
[PlyCount "37"]
[EventDate "2012.09.29"]
[EventType "swiss"]
[EventRounds "7"]
[EventCountry "GER"]
[SourceTitle "EXT 2022"]
[Source "ChessBase"]
[SourceDate "2021.10.06"]
[SourceVersion "1"]
[SourceVersionDate "2021.10.06"]
[SourceQuality "1"]

1. d4 d5 2. Nf3 Nf6 3. e3 Nbd7 4. Bd3 e6 5. Nbd2 Be7 6. 0-0 0-0 7. c3 b6 8. Qe2 c5 9. Re1 Bb7 10. e4 dxe4 11. Nxe4 Nxe4 12. Bxe4 Bxe4 13. Qxe4 Nf6 14. Qe2 Re8 15. dxc5 Bxc5 16. Be3 Rc8 17. Bxc5 Rxc5 18. Rad1 Qc7 19. Ne5 1/2-1/2

[Event "GER-ch Seniors 23rd"]
[Site "Halle"]
[Date "2011.08.13"]
[Round "9"]
[White "Neumann, Erwin"]
[Black "Bade, Heidrun"]
[Result "1-0"]
[WhiteElo "1974"]
[BlackElo "1888"]
[PlyCount "83"]
[EventDate "2011.08.05"]
[EventType "swiss"]
[EventRounds "9"]
[EventCountry "GER"]
[SourceTitle "CBM 144 Extra"]
[Source "ChessBase"]
[SourceDate "2011.10.28"]
[SourceVersion "1"]
[SourceVersionDate "2011.10.28"]
[SourceQuality "1"]

1. e4 e5 2. Nf3 Nc6 3. d4 exd4 4. Nxd4 Bc5 5. Be3 Bb6 6. c3 d6 7. Be2 Nf6 8. Nd2 0-0 9. 0-0 Re8 10. f3 Qe7 11. Kh1 h6 12. Nc4 Bxd4 13. Bxd4 Be6 14. Re1 Nh5 15. Qd2 Nxd4 16. cxd4 Nf6 17. d5 Bd7 18. Rac1 Red8 19. Na5 Rab8 20. Rxc7 Ne8 21. Rxb7 Qf6 22. Rxb8 Rxb8 23. b3 Rb6 24. Rc1 Qd8 25. Nc6 Qa8 26. Nd4 a5 27. a4 Rb4 28. g4 Qa7 29. Bc4 Kf8 30. Nc6 Bxc6 31. dxc6 Qc7 32. Bd5 Rb8 33. g5 h5 34. Qf4 g6 35. Qe3 Ng7 36. Qc3 Re8 37. f4 Kg8 38. Re1 Ne6 39. f5 Nxg5 40. fxg6 Rf8 41. gxf7+ Nxf7 42. Rg1+ 1-0

[Event "GER-ch Seniors 23rd"]
[Site "Halle"]
[Date "2011.08.10"]
[Round "6"]
[White "Bade, Heidrun"]
[Black "Geibel, Henning"]
[Result "1-0"]
[WhiteElo "1888"]
[BlackElo "1527"]
[PlyCount "93"]
[EventDate "2011.08.05"]
[EventType "swiss"]
[EventRounds "9"]
[EventCountry "GER"]
[SourceTitle "CBM 144 Extra"]
[Source "ChessBase"]
[SourceDate "2011.10.28"]
[SourceVersion "1"]
[SourceVersionDate "2011.10.28"]
[SourceQuality "1"]

1. e4 e5 2. Nf3 d6 3. d4 exd4 4. Nxd4 Nf6 5. Nc3 Be7 6. Bc4 c5 7. Nde2 0-0 8. 0-0 Bg4 9. f3 Bd7 10. Nf4 a6 11. Be3 b5 12. Be2 b4 13. Ncd5 Bc6 14. c4 Nxd5 15. Nxd5 Nd7 16. Qc2 a5 17. Rad1 Nb6 18. Nxe7+ Qxe7 19. Qd2 Rad8 20. Bg5 f6 21. Bf4 Nc8 22. Bd3 a4 23. Rfe1 Qf7 24. Qc2 Kh8 25. Bg3 a3 26. b3 Be8 27. Re3 Qh5 28. Be2 Qh6 29. Red3 f5 30. Qd2 Rf6 31. Qxh6 Rxh6 32. e5 Re6 33. f4 Bc6 34. Bf3 Be4 35. Bxe4 fxe4 36. Re3 Ne7 37. Rxe4 d5 38. cxd5 Rxd5 39. Rxd5 Nxd5 40. Re2 Nc3 41. Rd2 h6 42. f5 Rc6 43. e6 Rc8 44. Be5 c4 45. bxc4 Rxc4 46. e7 Kh7 47. e8Q 1-0

[Event "GER-ch Seniors 23rd"]
[Site "Halle"]
[Date "2011.08.08"]
[Round "4"]
[White "Ackermann, Hans Christian"]
[Black "Bade, Heidrun"]
[Result "1-0"]
[WhiteElo "1826"]
[BlackElo "1888"]
[PlyCount "75"]
[EventDate "2011.08.05"]
[EventType "swiss"]
[EventRounds "9"]
[EventCountry "GER"]
[SourceTitle "CBM 144 Extra"]
[Source "ChessBase"]
[SourceDate "2011.10.28"]
[SourceVersion "1"]
[SourceVersionDate "2011.10.28"]
[SourceQuality "1"]

1. e4 e5 2. f4 d5 3. exd5 Qxd5 4. Nc3 Qe6 5. fxe5 Qxe5+ 6. Be2 Bc5 7. Nf3 Qe7 8. d4 Bb6 9. 0-0 Nf6 10. Bb5+ c6 11. Re1 Be6 12. Bc4 0-0 13. Na4 Qd6 14. Nxb6 axb6 15. Bd3 Nbd7 16. Kh1 Rfe8 17. Ne5 Nf8 18. Bf4 Qd8 19. c4 Ng6 20. Bg3 Qxd4 21. b3 Rad8 22. Bxg6 hxg6 23. Qf3 Qc5 24. a3 Rd2 25. Re2 Qd4 26. Rae1 Rxe2 27. Qxe2 Qc3 28. Qd1 Bf5 29. Re2 Be6 30. Be1 Qxe5 31. Rxe5 Ng4 32. Re4 f5 33. Re2 Kf7 34. h3 Nf6 35. Qd4 g5 36. Qxb6 Re7 37. Bb4 Rd7 38. Rd2 1-0

[Event "GER-ch Seniors 23rd"]
[Site "Halle"]
[Date "2011.08.06"]
[Round "2"]
[White "Perk, Egbert"]
[Black "Bade, Heidrun"]
[Result "1-0"]
[WhiteElo "1983"]
[BlackElo "1888"]
[PlyCount "49"]
[EventDate "2011.08.05"]
[EventType "swiss"]
[EventRounds "9"]
[EventCountry "GER"]
[SourceTitle "CBM 144 Extra"]
[Source "ChessBase"]
[SourceDate "2011.10.28"]
[SourceVersion "1"]
[SourceVersionDate "2011.10.28"]
[SourceQuality "1"]

1. d4 d5 2. e3 Nf6 3. Bd3 Nbd7 4. f4 Ne4 5. Nf3 Ndf6 6. c4 e6 7. Qb3 Be7 8. Nc3 c6 9. 0-0 0-0 10. Qc2 Nxc3 11. bxc3 g6 12. Ne5 Ne8 13. Rf3 Ng7 14. a4 Bd7 15. Ba3 Nf5 16. g4 Nd6 17. c5 Ne8 18. f5 exf5 19. gxf5 Nf6 20. Raf1 Kg7 21. fxg6 fxg6 22. Bxg6 Ne4 23. Rf7+ Kh8 24. Bxe4 dxe4 25. Rxf8+ 1-0